5,000 Passing yards in a season - Statistics

General Stats
  • This quiz has been taken 68 times
  • The average score is 12 of 12
Answer Stats
Year Yds TD INTs Team Player % Correct
1984 5084 48 17 Dolphins Dan Marino
100%
2011 5235 39 12 Patriots Tom Brady
100%
2008 5069 34 17 Saints Drew Brees
98%
2011 5476 46 14 Saints Drew Brees
98%
2012 5177 43 19 Saints Drew Brees
98%
2013 5162 39 12 Saints Drew Brees
98%
2016 5208 37 15 Saints Drew Brees
98%
2013 5477 55 10 Broncos Peyton Manning
98%
2018 5097 50 12 Chiefs Patrick Mahomes II
97%
2011 5038 41 16 Lions Matthew Stafford
95%
2018 5129 34 16 Steelers Ben Roethlisberger
90%
2019 5109 33 30 Buccaneers Jameis Winston
88%
No matching quizzes found
Score Distribution
Percent of People with Each Score
Percentile by Number Answered
Your Score History
You have not taken this quiz